Wyniki wyborów parlamentarnych w Polsce (1991-2023) - Statystyki

Ogólne statystyki
  • Ten quiz został rozwiązany 453 razy
  • Średni wynik to 13 z 24
Statystyki odpowiedzi
Hint Odpowiedź % Poprawnych
- Platforma Obywatelska (PO)
99%
- Prawo i Sprawiedliwość (PiS)
99%
- Koalicja Obywatelska (KO)
98%
- Polskie Stronnictwo Ludowe (PSL)
94%
- Konfederacja Wolność i Niepodległość (KWiN)
91%
- Sojusz Lewicy Demokratycznej (SLD)
89%
- Trzecia Droga (TD)
69%
- Nowa Lewica (NL)
66%
- Samoobrona Rzeczpospolitej Polskiej (SRP)
65%
- Kukiz'15 (KUKIZ/K15)
64%
- Lewica i Demokraci (LiD)
56%
- Liga Polskich Rodzin (LPR)
55%
- Nowoczesna (N./NRP)
52%
- Akcja Wyborcza Solidarność (AWS)
48%
- Unia Wolności (UW)
42%
- Ruch Palikota (RPL)
41%
- Unia Pracy (UP)
39%
- Porozumienie Obywatelskie Centrum (POC)
31%
- Unia Demokratyczna (UD)
29%
- Zjednoczona Lewica (ZL)
21%
- Sojusz Lewicy Demokratycznej - Unia Pracy (SLD-UP)
19%
- Ruch Odbudowy Polski (ROP)
9%
- Wyborcza Akcja Katolicka (WAK)
5%
- Katolicki Komitet Wyborczy "Ojczyzna" (OJCZYZNA)
2%
Nie znaleziono quizów pasujących do podanych kryteriów
Rozkład punktacji
Procent ludzi z każdym wynikiem
Percentyl według liczby udzielonych odpowiedzi
Twoja historia wyników
Nie rozwiązałeś tego quizu